| 000 | 00507nam a2200145 a 4500 | ||
|---|---|---|---|
| 001 | 000028106 | ||
| 005 | 20200930031344.0 | ||
| 008 | 110406s1935 dr 000 0 spa d | ||
| 040 |
_aDO-SdBNP _bspa _cBNPHU |
||
| 100 | 1 |
_aHache S., Pedro O. _955115 |
|
| 245 | 1 | 0 |
_aTrujillo ante el mundo : cuentos literarios. : _bpoesías traducidas y arregladas en forma de cuentos / _cPedro O. Hache S. |
| 260 |
_aSantiago, República Dominicana, : _bImprenta Távares, _c1935. |
||
| 300 |
_a57 p. ; _c14 cm. |
||
| 049 | _aBNPD | ||
| 999 |
_c27598 _d27598 |
||